[Event "10th LCC FIDE Open 2018"]
[Site "London"]
[Date "2018.12.14"]
[Round "6"]
[White "Ethelontis, Alexandros N"]
[Black "Prior, Stephen C V"]
[Result "1-0"]
[WhiteElo "2187"]
[BlackElo "2065"]
[Annotator "TA"]
[PlyCount "89"]
[EventDate "2018.12.09"]
[EventType "swiss"]
[EventCountry "ENG"]
[SourceTitle "playchess.com"]
[Source "ChessBase"]
[SourceQuality "1"]

{[%evp 23,89,0,0,0,0,0,0,0,0,0,-10,-18,92,82,124,124,124,114,220,216,230,216,239,233,434,510,524,522,506,503,474,434,436,433,643,545,550,530,584,579,641,589,584,566,656,651,843,569,726,727,856,842,802,706,708,675,5695,5628,7200,6601,6217,6203,5728,5708,1978,1793,1729,1529]} 1. c4 e5 2. g3 Nf6 3. Bg2 Nc6 4. Nc3 Bb4 5. Nd5 Bc5 6. Nf3 d6 7. d3 h6 8. O-O O-O 9. a3 a6 {A29: English Opening: Four Knights Variation with 4 g3} 10. b4 Ba7 11. Bb2 Nxd5 12. cxd5 Ne7 {LiveBook: 3 Games} 13. Qb3 c6 14. dxc6 Be6 15. Qd1 bxc6 {[#]} 16. Qc2 $146 f5 17. Rac1 f4 (17... Rc8 $11) 18. d4 $16 fxg3 19. hxg3 Nf5 20. Qxc6 exd4 {[#]} (20... Qe7 $16 21. e3 Qf7) 21. Qe4 $1 $18 {[%cal Re4e6]} Qd7 22. Bxd4 ({Don't play} 22. Nxd4 Bxd4 23. Bxd4 d5) 22... Nxd4 23. Nxd4 Rae8 $2 (23... Bh3 24. Bxh3 Qxh3 25. Qe6+ Qxe6 26. Nxe6 Rf5) 24. Nxe6 {White is clearly winning.} Rxe6 25. Qc4 Kh8 26. Bh3 {[%mdl 64] Skewer} d5 27. Bxe6 Qxe6 28. Qd3 Qh3 (28... h5 $142 29. Kg2 h4) 29. Rc3 Qe6 30. e3 h5 31. Qe2 Qh3 32. Rfc1 d4 33. exd4 Bxd4 34. Rf3 Rd8 35. Qe4 Qd7 36. Kg2 Re8 37. Qg6 Kg8 {[#]} 38. Rc7 $1 {[%mdl 512]} Qe6 (38... Qxc7 39. Qxe8+) 39. Qxh5 Qe4 40. Qf7+ Kh8 41. Rc1 {White wants to mate with Rh1+.} Re6 42. Rh1+ Rh6 43. Rxh6+ gxh6 44. Qf8+ Kh7 45. Qf5+ {Accuracy: White = 82%, Black = 39%.} 1-0

[Event "10th LCC FIDE Open 2018"]
[Site "London"]
[Date "2018.12.14"]
[Round "6"]
[White "Brooks, Phil J"]
[Black "Keely, Leo A"]
[Result "1/2-1/2"]
[WhiteElo "2184"]
[BlackElo "1964"]
[Annotator "TA"]
[PlyCount "86"]
[EventDate "2018.12.09"]
[EventType "swiss"]
[EventCountry "ENG"]
[SourceTitle "playchess.com"]
[Source "ChessBase"]
[SourceQuality "1"]

{[%evp 14,86,66,40,69,51,79,54,88,95,101,70,127,148,161,132,129,56,58,6,8,12,12,12,53,63,60,62,51,39,109,102,175,18,9,16,11,9,25,27,18,11,199,90,100,80,85,75,75,75,75,81,82,94,87,0,0,0,0,0,0,0,0,0,0,0,0,0,0,0,0,0,0,0,0]} 1. d4 Nf6 2. c4 g6 3. Nc3 Bg7 4. e4 d6 5. h3 O-O 6. Bg5 c5 7. d5 a6 8. a4 {LiveBook: 48 Games} Qb6 $146 {E71: King's Indian: 4 e4 d6 5 h3} ({Predecessor:} 8... e6 9. Bd3 exd5 10. exd5 Re8+ 11. Kf1 h6 12. Bd2 Nbd7 13. Nf3 Ne5 14. Nxe5 dxe5 15. g4 Bd7 16. a5 Rb8 {1-0 (59) Kozul,Z (2625)-Benidze,D (2478) Izmir 2015}) 9. Qc2 e6 10. Nf3 exd5 {White is slightly better.} 11. cxd5 Re8 {next ...Nxe4 is good for Black.} 12. Bd3 Nxe4 (12... Qd8 $14) 13. Bxe4 $16 (13. Nxe4 $6 f5 $11) 13... f5 14. O-O (14. a5 $6 Qc7 $14) 14... fxe4 15. a5 (15. Nd2 $16) 15... Qc7 $1 $14 16. Nxe4 (16. Nd2 $14) 16... Bf5 $11 17. Nfd2 Nd7 {[%cal Bb8d7,Bd7e5,Be5d3][%mdl 32]} 18. Rfe1 Kh8 19. Qb3 h6 20. Bf4 Ne5 21. Re3 Qd7 (21... c4 $14 22. Qa4 Rad8) 22. Rae1 $16 Rac8 {[#]} (22... g5 $16 {was called for.} 23. Bxe5 Rxe5) 23. Qb6 $2 (23. Nxd6 $1 $18 {[%mdl 512]} Qxd6 24. Nc4 Nf3+ 25. gxf3 Qxf4 26. Rxe8+ Kh7 27. Rxc8 (27. Qxb7 $2 Bxh3 28. Qxc8 Qg5+ 29. Qg4 Bxg4 $19) 27... Qg5+ 28. Kh2 Qf4+ 29. Kg2 Qg5+ 30. Kh2 Qf4+ 31. Kh1 Bxc8 32. Nb6 Bxh3 33. Qe3) 23... Bxe4 $1 $11 24. Rxe4 Nd3 $1 {[%cal Rd3e1]} 25. Rxe8+ (25. Qxd6 $2 Qxd6 26. Rxe8+ {[#]} Qf8 $1 $17 {[%mdl 512]}) 25... Rxe8 26. Rxe8+ Qxe8 27. Be3 $1 Nxb2 $2 (27... Qe7 $11 {and Black stays safe.}) 28. Qxb7 (28. Qxd6 $18 {and the rest is easy. Black must now prevent Qc7.} Nd1 29. Qxc5 (29. Bxc5 Qe1+ 30. Nf1 Nc3 $16) 29... Nxe3 30. fxe3) 28... Nd1 $16 29. Nc4 Nxe3 30. Nxe3 Bd4 31. Qxa6 Bxe3 32. Qe2 {[#]} ({Reject} 32. fxe3 Qxe3+ 33. Kh2 Qe5+ 34. Kh1 Qa1+ 35. Kh2 Qe5+ 36. Kh1 Kg7 $11) 32... c4 $1 {[%cal Bc5c4,Bc4c3,Bc3c2][%mdl 32]} 33. fxe3 {[%mdl 4096] Endgame KQ-KQ} ({Don't go for} 33. Qxe3 $2 Qxe3 34. fxe3 c3 $19) (33. Qxc4 Bc5) 33... c3 34. Qd3 ({White should play} 34. a6 $16) 34... Qc8 $11 {...c2 is the strong threat.The position is equal.} 35. Qxg6 {And now e4 would win.} c2 36. Qxh6+ Kg8 37. Qg6+ Kf8 38. Qxd6+ Ke8 39. Qe5+ Kd7 40. Qe6+ Kc7 41. Qb6+ Kd7 42. Qe6+ Kc7 43. Qb6+ Kd7 {Precision: White = 50%, Black = 44%.} 1/2-1/2

[Event "10th LCC FIDE Open 2018"]
[Site "London"]
[Date "2018.12.14"]
[Round "6"]
[White "Lim, Zhuo Ren"]
[Black "Rushbrooke, Remy"]
[Result "1-0"]
[WhiteElo "2184"]
[BlackElo "1909"]
[Annotator "TA"]
[PlyCount "101"]
[EventDate "2018.12.09"]
[EventType "swiss"]
[EventCountry "ENG"]
[SourceTitle "playchess.com"]
[Source "ChessBase"]
[SourceQuality "1"]

{[%evp 14,101,34,34,53,56,56,64,50,44,72,65,69,64,79,66,83,64,82,21,25,25,30,27,31,0,6,0,7,4,7,7,0,-48,-45,-44,-46,-57,-44,-51,-44,-50,-47,-47,-53,-58,-58,-54,-54,-56,-55,-58,-50,-79,-65,-50,-47,-83,-70,-74,-68,-63,-65,-72,-61,-54,-39,-61,-12,-7,0,-8,-8,-14,-13,-13,-11,-14,0,0,0,0,6113,6113,6099,6087,6087,5754,5206,5206]} 1. e4 e5 2. Bc4 Nf6 3. d3 Nc6 4. Nf3 Be7 5. O-O O-O 6. Re1 d6 7. a4 Be6 8. Nbd2 {LiveBook: 164 Games} Nd4 {C55: Two Knights: 4 d3, 4 d4 exd4 5 e5 and Max Lange Attack} (8... Bxc4 9. Nxc4 Re8 10. Bd2 a5 11. h3 b6 12. c3 h6 13. Qb3 Bf8 14. Rad1 d5 15. Ne3 dxe4 16. dxe4 Nxe4 {0-1 (32) Ganguly,S (2657)-Bruzon Batista,L (2673) Saint Louis 2018}) 9. Nxd4 exd4 10. Bxe6 fxe6 {White is slightly better.} 11. Nf3 $146 ({Predecessor:} 11. e5 dxe5 12. Rxe5 Bd6 13. Rxe6 Qd7 14. Re1 Ng4 15. Nf3 {0-1 (23) Krasnov,Y (2368)-Kuzin,A (2368) Tula 2006}) 11... e5 12. c3 dxc3 13. bxc3 Kh8 14. Qb3 Qc8 15. Bg5 b6 16. h3 (16. a5 $16) 16... Ng8 $11 17. Bxe7 Nxe7 18. Re3 Ng6 19. Ng5 {Threatens to win with Nf7+.} Qe8 20. Qe6 Rf6 21. Qxe8+ Rxe8 22. a5 b5 23. Nf3 c5 24. a6 Rb8 25. g3 Rff8 26. Nd2 Ne7 27. Ree1 Nc6 28. Reb1 Kg8 29. Rb3 Rb6 30. Nf1 b4 {Hoping for ...bxc3.} 31. Ne3 bxc3 32. Rxc3 ({Much worse is} 32. Rxb6 axb6 33. Rb1 Nb4 $17) 32... Rb2 33. Rc2 Rxc2 (33... Rb3 {keeps more tension.} 34. Rd2 Kf7 35. Kf1 Ke6 36. h4 g6) 34. Nxc2 $17 {[%mdl 4096] Endgame KRN-KRN} Rb8 35. Ra3 Rb6 36. Ne3 Kf7 37. Nd5 Rb1+ 38. Kg2 Nd4 39. h4 Nc2 40. Rc3 Nb4 (40... Ne1+ {seems wilder.} 41. Kh3 g6 42. h5 gxh5 43. f4 Rb2) 41. Nxb4 Rxb4 $11 {KR-KR} 42. Ra3 Ke6 43. Kf3 d5 44. exd5+ Kxd5 45. Ke3 Kc6 46. h5 {[%cal Bh4h5,Bh5h6][%mdl 32]} Kb5 47. f3 Ra4 $2 {[%mdl 8192]} (47... g5 $11) 48. Rxa4 $18 {White is clearly winning.} Kxa4 49. Ke4 Kb5 50. Kxe5 Kxa6 {[#]} 51. h6 $1 {[%mdl 512] Accuracy: White = 69%, Black = 64%.} 1-0

[Event "10th LCC FIDE Open 2018"]
[Site "London"]
[Date "2018.12.14"]
[Round "6"]
[White "McClement, Andrew"]
[Black "Thatte, Nishchal"]
[Result "1-0"]
[WhiteElo "2182"]
[BlackElo "1649"]
[Annotator "TA"]
[PlyCount "95"]
[EventDate "2018.12.09"]
[EventType "swiss"]
[EventCountry "ENG"]
[SourceTitle "playchess.com"]
[Source "ChessBase"]
[SourceQuality "1"]

{[%evp 24,95,60,33,43,50,64,65,102,107,118,102,118,117,113,108,120,120,173,121,127,132,129,125,152,170,193,193,197,197,187,195,197,161,162,150,193,193,192,189,293,291,358,361,356,362,346,336,350,309,708,690,646,645,682,682,834,802,872,862,892,884,930,877,951,930,1156,1133,1950,1870,1712,1646,1504,1441]} 1. Nf3 d5 2. c4 e6 3. g3 c5 4. Bg2 Nc6 5. O-O Nf6 6. cxd5 exd5 7. d4 Be7 8. Nc3 O-O 9. Bg5 c4 10. Ne5 Be6 11. Nxc6 bxc6 12. b3 Qa5 13. Qc2 {LiveBook: 89 Games} cxb3 $146 {D34: Tarrasch Defence: 6 g3 Nf6 7 Bg2 Be7} ({Predecessor:} 13... Rfd8 14. e3 Rac8 15. bxc4 c5 16. Ne2 dxc4 17. d5 Bxd5 18. Rad1 Bxg2 19. Kxg2 Qa6 20. Nc3 Rd3 21. Bxf6 Bxf6 {½-½ (32) Sargissian,G (2690)-Popilski,G (2493) Douglas 2014}) 14. axb3 Qb6 15. e3 h6 {White is slightly better.} 16. Bxf6 Bxf6 {[#]} 17. Na4 $1 {[%cal Ra4b6]} Qc7 18. Rfc1 Rfc8 19. Nc5 Bg4 20. Ra6 Qd6 {[#]} (20... Rab8 $16 21. h3 Be6) 21. Nb7 (21. h3 $1 $18 {[%cal Rh3g4]} Be6 22. Nxe6 fxe6 23. Bf3 (23. Rxc6 Qxc6 24. Qxc6 Rxc6 $16)) 21... Qb4 22. Na5 Bd7 23. Nxc6 Qb5 24. Bf1 Rxc6 25. Rxc6 ({Worse is} 25. Bxb5 Rxc2 26. Rxc2 Bxb5 $11) 25... Qxc6 26. Qxc6 Bxc6 27. Rxc6 $18 {[%mdl 4096] Endgame KRB-KRB} Rb8 28. Ra6 Rb7 29. Bg2 Rxb3 30. Bxd5 Rb5 31. Be4 Rb4 (31... Kf8 {might work better.} 32. Rxa7 g6) 32. Rxa7 {White threatens Ra8+ and mate.} g6 33. Bd5 Rb6 34. Rxf7 Kh8 35. Rc7 Rd6 36. Rc6 Rxd5 $2 (36... Rxc6 37. Bxc6 Kg7) 37. Rxf6 {KR-KR. White is clearly winning.} Kg7 38. Rc6 Rd7 39. Kg2 Kf7 40. h4 Kg7 41. Kf3 Rf7+ 42. Ke2 Rd7 43. Kd3 Rf7 44. f4 Re7 45. d5 Kf7 {[#]} 46. h5 $1 gxh5 47. Rxh6 Kg7 48. Rxh5 {Accuracy: White = 80%, Black = 40%.} 1-0

[Event "10th LCC FIDE Open 2018"]
[Site "London"]
[Date "2018.12.14"]
[Round "6"]
[White "Keetman, Maaike"]
[Black "Grigoryan, Meri"]
[Result "1-0"]
[WhiteElo "2173"]
[BlackElo "2054"]
[Annotator "TA"]
[PlyCount "69"]
[EventDate "2018.12.09"]
[EventType "swiss"]
[EventCountry "ENG"]
[SourceTitle "playchess.com"]
[Source "ChessBase"]
[SourceQuality "1"]

{[%evp 12,69,61,61,98,74,67,61,107,117,157,168,206,193,206,206,197,155,206,186,208,187,200,183,195,151,162,0,179,200,207,207,202,215,225,180,341,341,354,352,381,351,277,243,247,215,838,791,800,775,1533,863,792,405,6720,3360,29990,29991,29992,29993]} 1. e4 a6 2. d4 b5 3. Nf3 Bb7 4. Bd3 e6 5. O-O c5 6. c3 {[%cal Bc2c3,Bc3d4][%mdl 32]} cxd4 {B00: Queen's Fianchetto Defence, Nimzowitsch Defence} (6... Nf6 7. Re1 Be7 8. a4 cxd4 9. cxd4 Nc6 10. Nc3 Nb4 11. Bf1 bxa4 12. Qxa4 O-O 13. Bg5 Bc6 14. Qa5 Nc2 15. Qxd8 Rfxd8 16. d5 Bb7 17. Rac1 Nxe1 18. Rxe1 h6 19. Bh4 Bb4 {0-1 (19) Miroshnichenko,E (2606)-Carlsen,M (2834) chess.com INT 2018}) 7. cxd4 {LiveBook: 4 Games} d5 8. e5 Ne7 $146 {White is better.} ({Predecessor:} 8... Nc6 9. Nc3 Nge7 10. Be3 Nf5 11. g4 Nxe3 12. fxe3 Na5 13. Qe2 Be7 14. Rf2 Rc8 15. Raf1 Nc4 16. Ne1 O-O {0-1 (16) Lacasa Diaz,J-Andersson,S LSS email 2007}) 9. Nbd2 {[%cal Bb1d2,Bd2b3,Bb3c5][%mdl 32]} Nbc6 10. Nb3 Ng6 11. Ng5 Be7 12. Qh5 Bxg5 13. Bxg5 Qb6 14. Rad1 Nce7 (14... a5 $16 15. Be3 Nb4) 15. Nc5 h6 16. Bd2 Bc8 17. Rfe1 Ra7 18. Qg4 Nf5 19. Qh5 $2 (19. Rc1 $18) 19... Nge7 $2 {[#]} (19... Nfe7 $1 $11) 20. Nb3 $1 $18 b4 {[#]} 21. g4 $1 {[%cal Rg4f5]} g6 22. Qh3 Ng7 23. Qf3 ({Don't play} 23. Bxh6 $6 Ng8 $16) 23... Ng8 $2 (23... Kf8 24. h3 a5) 24. Rc1 Bd7 25. Nc5 Bc6 26. a3 h5 27. Bxb4 hxg4 28. Qxg4 {Strongly threatening Bxg6!} Qd8 $2 (28... a5) 29. Nxe6 {[%mdl 64] Discovered Attack} Nxe6 30. Rxc6 Ng5 31. Rec1 {Hoping for Rc8.} Rh4 32. Qg3 {Threatens to win with Rc8.} Ne7 (32... Rh3 $142 33. Rc8 Rxg3+ 34. fxg3 Ne6 35. Rxd8+ Kxd8) 33. Rd6 Nh3+ 34. Kf1 Rd7 35. Qxh4 {Accuracy: White = 55%, Black = 34%.} 1-0

[Event "10th LCC FIDE Open 2018"]
[Site "London"]
[Date "2018.12.14"]
[Round "6"]
[White "Eames, Robert S"]
[Black "Hunt, Harriet V"]
[Result "1/2-1/2"]
[WhiteElo "2167"]
[BlackElo "2440"]
[Annotator "TA"]
[PlyCount "91"]
[EventDate "2018.12.09"]
[EventType "swiss"]
[EventCountry "ENG"]
[SourceTitle "playchess.com"]
[Source "ChessBase"]
[SourceQuality "1"]

{[%evp 19,91,31,33,40,39,38,43,41,43,35,37,31,41,28,62,29,31,31,29,40,36,46,68,0,31,30,30,22,35,25,27,26,51,39,44,29,0,20,18,0,0,0,31,28,59,56,87,67,178,170,232,112,299,306,297,281,279,187,176,173,167,150,260,270,266,256,246,239,396,358,233,0,14,0]} 1. d4 Nf6 2. c4 e6 3. Nf3 b6 4. g3 Ba6 5. Qc2 Bb4+ 6. Bd2 {E15: Queen's Indian: 4 g3 sidelines, 4 g3 Ba6 and 4 g3 Bb7 early deviations} Be7 7. e4 {[%cal Be2e4,Be4e5][%mdl 32]} (7. Bg2 c6 8. O-O d5 9. b3 Nbd7 10. Bc3 dxc4 11. Bb2 cxb3 12. axb3 Bb7 13. Nbd2 Nd5 14. Ne5 Nb4 15. Qc1 O-O 16. Rd1 a5 17. Ndc4 Nf6 {½-½ (58) Adhiban,B (2666)-Zhigalko,S (2671) Doha 2016}) 7... d5 8. cxd5 Bxf1 9. Kxf1 exd5 10. e5 Ne4 {LiveBook: 137 Games} 11. Nc3 Nxc3 12. bxc3 Qd7 13. Kg2 Nc6 14. h4 $146 h6 15. Rae1 {Black must now prevent e6!} O-O-O 16. h5 Rdg8 17. a4 Kb7 18. c4 dxc4 19. Qxc4 {d5 is the strong threat.} Rd8 {[%cal Rc6d4]} 20. Rc1 Qd5 {[%cal Rc6d4]} 21. Be3 ({White should play} 21. Rc3 $1 $14) 21... a5 22. Qxd5 Rxd5 23. Rc4 Nd8 24. Rhc1 Ne6 25. Ng1 c5 {[%cal Rc5d4]} 26. Ne2 $1 Rhd8 $1 {[%cal Rc5d4]} 27. Nc3 $36 {[%mdl 2048] Black is under pressure.} cxd4 28. Nxd5 Rxd5 29. Bf4 Ba3 30. Rd1 Bc5 31. Kf3 Kc6 32. Ke4 Rd7 33. Rb1 Rb7 (33... f6 $14) 34. Bd2 $1 $18 b5 (34... Re7 $142 35. Rcc1 Re8) 35. Rc2 (35. axb5+ $18 {has better winning chances.} Rxb5 36. Rbc1) 35... bxa4 $2 {[#]} (35... d3 $16 {was worth a try.} 36. Kxd3 Rd7+ 37. Ke4 Rd4+ 38. Kf5 Rxa4) 36. Rxb7 $1 Kxb7 $16 {[%mdl 4096] Endgame KRB-KBN} 37. f4 {Strongly threatening f5.} ({Less strong is} 37. Bxa5 a3 $16) 37... Bb4 38. Kd5 d3 39. Ra2 {And now Bxb4 would win.} Kb6 40. Kc4 Bxd2 (40... Nc5 $16) 41. Rxd2 {KR-KN} Nc5 42. g4 Kc6 43. f5 {[%mdl 1024] White has strong compensation.} Nd7 $2 (43... a3 44. e6 fxe6) 44. Kd4 $18 Nc5 {[#]} 45. Kc4 $2 ({White must play} 45. g5 $1 $18) 45... Nd7 $11 46. Kd4 {Precision: White = 57%, Black = 34%.} 1/2-1/2

[Event "10th LCC FIDE Open 2018"]
[Site "London"]
[Date "2018.12.14"]
[Round "6"]
[White "Quinn, John M"]
[Black "Lane, Gary W"]
[Result "0-1"]
[WhiteElo "2160"]
[BlackElo "2353"]
[Annotator "TA"]
[PlyCount "76"]
[EventDate "2018.12.09"]
[EventType "swiss"]
[EventCountry "ENG"]
[SourceTitle "playchess.com"]
[Source "ChessBase"]
[SourceQuality "1"]

{[%evp 9,76,14,33,38,35,0,8,-79,-80,-63,-42,-59,-102,-122,-117,-110,-107,-99,-30,-47,-25,-11,0,-109,-50,-111,-15,-8,20,0,0,-16,0,0,96,84,99,98,98,37,32,-35,15,20,266,262,261,252,262,131,186,0,0,8,8,-382,-377,-665,-656,-648,-641,-587,-515,-855,-568,-1030,-737,-1548,-1057]} 1. d4 f5 2. c4 Nf6 3. Nc3 g6 4. Qc2 Bg7 (4... d6 5. Nf3 c6 6. e3 Bg7 7. Be2 O-O 8. O-O Qc7 9. b3 a5 10. Bb2 Na6 11. Rac1 Kh8 12. Na4 Rb8 13. c5 Nb4 14. Qb1 Nbd5 15. Nd2 b6 16. Nxb6 Nxb6 17. cxb6 Qxb6 {1-0 (39) Inkiov,V (2459)-Hernandez Moya,Y (2256) Les Sables d'Olonne 2017}) 5. Bg5 Nc6 6. Nf3 {A85: Dutch Defence: 2 c4 Nf6 3 Nc3} d6 7. h4 Ne4 $146 ({Predecessor:} 7... Ng4 8. e3 h6 9. Bf4 e5 10. dxe5 dxe5 11. Bg3 Be6 12. Rd1 Qe7 13. Be2 O-O {0-1 (23) Tinari,M-Corvi,M (2235) Italy 1997}) 8. e3 (8. d5 $11 Nxc3 9. bxc3) 8... h6 $17 {White must now prevent ...Nxc3.} 9. Bf4 e5 10. dxe5 {Strongly threatening 0-0-0.} Nxc3 11. Qxc3 Qe7 12. O-O-O {[%cal Re5d6]} dxe5 13. Bh2 e4 (13... Bd7 $17 14. Be2 O-O-O) 14. Nd4 $11 Nxd4 15. exd4 Qxh4 16. Qa5 (16. c5 $11 {remains equal.}) 16... c6 ({Reject} 16... Qxf2 $6 17. Be5 $11) (16... O-O $17 17. Qxc7 f4) 17. Qc5 (17. Be5 $15 Qe7 18. Kb1) 17... Qe7 ({Black should try} 17... Kf7 $17 18. d5 Qg5+ 19. Kb1 f4) 18. Bd6 $1 {[%cal Rd6e7]} Qe6 19. Rh3 Kf7 20. d5 $1 {[%cal Rd5e6]} Qf6 {[%csl Gg7][%cal Rf6b2]} 21. Rb3 $1 Re8 (21... Rd8 $11 22. dxc6 bxc6) 22. dxc6 $16 bxc6 23. Qxc6 Be6 {[#]} 24. Rb7+ (24. Bb8 $1 $16 Raxb8 25. Rxb8 Qg5+ 26. Rd2 Rxb8 27. Qc7+ {[%mdl 64] Double Attack} Qe7 28. Qxb8) 24... Kg8 $14 25. Rd2 ({Better is} 25. c5 $14) 25... a5 26. Bc5 {Hoping for Bd4.} Rec8 $2 {[#]} (26... Rac8 $1 $11 27. Qb6 Qh4) 27. Qb6 $1 $18 Rxc5 28. Qxc5 Rc8 29. Qb5 (29. Qxa5 $18 {And now Rd6 would win.} Bf8 30. Rc7) 29... f4 (29... h5 $16 {was necessary.}) 30. Rb8 $2 ({Much less strong is} 30. Qxa5 $6 e3 $11) (30. Rd6 $18) 30... Rxb8 $11 31. Qxb8+ Kh7 32. Qd8 $2 {[%mdl 8192]} (32. Qd6 $11 {and White is okay.}) 32... e3 $19 33. Qxa5 $2 (33. fxe3 fxe3 {[%mdl 64] Discovered Attack} 34. Qxf6 exd2+ 35. Kxd2 Bxf6 36. b3) 33... exd2+ {Black is clearly winning.} 34. Qxd2 f3 35. gxf3 Qxf3 36. Bd3 (36. Qe2 $142 Qf6 37. Qd2) 36... h5 {[%cal Bh6h5,Bh5h4][%mdl 32] Threatens to win with ...Bh6.} 37. Kc2 h4 38. Qe1 Qf6 {Accuracy: White = 25%, Black = 41%.} 0-1

[Event "10th LCC FIDE Open 2018"]
[Site "London"]
[Date "2018.12.14"]
[Round "6"]
[White "Woong, Zhi Wei William"]
[Black "Lacasa Diaz, Jose Antonio"]
[Result "0-1"]
[WhiteElo "2146"]
[BlackElo "2389"]
[Annotator "TA"]
[PlyCount "132"]
[EventDate "2018.12.09"]
[EventType "swiss"]
[EventCountry "ENG"]
[SourceTitle "playchess.com"]
[Source "ChessBase"]
[SourceQuality "1"]

{[%evp 22,132,25,25,23,28,67,44,45,0,0,0,14,0,0,0,12,0,0,0,0,-17,-22,-26,-25,-50,-35,-41,-36,-44,-33,-61,-52,-43,-35,-37,-41,-48,-21,-42,-33,-32,-33,-29,-20,-16,-15,-36,-28,-33,-31,-45,-37,-43,-27,-48,-48,-73,-49,-51,-58,-72,-67,-98,-94,-86,-84,-91,-27,-37,-36,-27,-28,-158,-154,-156,-137,-193,-133,-140,-140,-270,-164,-169,-173,-175,-201,-487,-482,-646,-592,-665,-674,-1029,-1073,-935,-884,-29964,-6207,-29968,-29971,-29985,-29986,-29986,-29986,-29985,-29986,-29987,-29987,-29987,-29987,-29988,-29989]} 1. e4 c6 2. d4 d5 3. exd5 cxd5 4. Bd3 Nc6 5. c3 Nf6 6. Bf4 Bg4 7. Qb3 Qd7 8. Nd2 e6 9. Ngf3 Bd6 10. Bxd6 Qxd6 11. O-O {B13: Caro-Kann: Exchange Variation and Panov-Botvinnik Attack} O-O 12. Rfe1 {LiveBook: 13 Games} Rab8 (12... Ne7 13. Ne5 Bf5 14. Bf1 Rab8 15. a4 Ne4 16. Nxe4 Bxe4 17. a5 f6 18. Nd3 Bxd3 19. Bxd3 {½-½ (45) Anand,V (2768)-Mamedyarov,S (2801) Saint Louis 2018}) 13. Ne5 {White has an edge.} b5 14. a3 (14. Bxb5 $5 {[%cal Re5c6]} Ne7 15. Qa4 $14) 14... Bh5 15. Ndf3 Bxf3 16. Nxf3 Rfc8 17. Ne5 Qc7 $146 ({Predecessor:} 17... Nd7 18. f4 g6 {½-½ (47) Jonasson,B (2300)-Halldorsson,B (2265) Iceland 1995}) 18. Qd1 a5 19. a4 b4 20. Ba6 {And now Rc1 would win.} Rd8 21. Nxc6 Qxc6 {[%mdl 64] [#] Double Attack} 22. Bb5 Qd6 23. f3 bxc3 24. bxc3 Rbc8 25. Qd3 Rc7 26. Rec1 g6 27. Rab1 Kg7 28. Qe3 Rdc8 29. Rb3 Ng8 {[%cal Bf6g8,Bg8e7,Be7f5,Bf5d6,Bd6c4][%mdl 32]} 30. Bf1 Ne7 31. Qd2 Nf5 32. Rcb1 $1 Qd7 33. Ba6 Ra8 34. Bb5 Qe7 35. Bf1 Nd6 36. Qf4 Rac8 37. Ba6 Rd8 38. Bf1 Qf6 39. Qe3 Rdc8 40. Ba6 Nc4 41. Qc1 Ra8 42. Rb7 Rxb7 43. Bxb7 Ra7 44. Bc6 Qf5 (44... h5 $17) 45. Rb8 $11 Rc7 $36 {[%mdl 2048] Black is pushing.} 46. Bb5 Qd3 {Threatens to win with ...Qe3+.} 47. Qf4 {[#]} (47. Bxc4 $11 Qxc4 48. Qa3) 47... Qxc3 $3 $17 {[%cal Rc3e1][%mdl 512]} 48. Bxc4 Qxc4 {[%mdl 4096] Endgame KQR-KQR} 49. Rb1 (49. Ra8 $17 {might work better.}) 49... Rc8 (49... Re7 $19 50. h4 Qxa4) 50. Qe5+ Kg8 51. h4 (51. Rb8 $17 {only move.}) 51... h5 52. Rb8 Rxb8 53. Qxb8+ $19 {KQ-KQ} Kg7 54. Qf4 $2 (54. Qe5+ f6 55. Qd6 Qxd4+ {[%mdl 64] Double Attack} 56. Kf1 Qc4+ 57. Kg1 Qxh4 58. Qxe6) 54... Qxa4 55. Kh2 {Now Qe5+ and White clings on.} Qd7 56. g4 hxg4 57. fxg4 Qe7 58. g5 a4 {[%cal Ba5a4,Ba4a3,Ba3a2][%mdl 32]} 59. Qe3 Qd6+ 60. Kh3 a3 {Black mates.} 61. Kg4 a2 62. Qe1 Qh2 63. Qf1 Kg8 64. Qd1 Qg2+ 65. Kf4 Qe4+ 66. Kg3 Qb1 {Accuracy: White = 34%, Black = 63%.} 0-1